000 00518nmm a2200169Ia 4500
008 251105s9999||||xx |||||||||||||||||und||
020 _a9788497421621
041 _aspa
100 _aDonoso Cortés, Juan
245 0 _aEnsayo sobre el catolicismo, el liberalismo y el socialismo
264 _a[Madrid, España] :
_bBiblioteca Nueva,
_c2007
300 _a256 páginas
490 _aClásicos del pensamiento
650 _aPhilosophy, Ethics
856 _uhttps://public.digitaliapublishing.com/a/70
942 _cCF
999 _c90238
_d90238